000 00689nam a2200205 a 4500
005 20210219160250.0
008 081002s1993 mx r 000 0 spa d
035 _aUPN01000161901
049 _aUNE
080 _a304 (81)=690 "1993" DAV No.16
100 1 _aD'Avila Viana, Ana Luiza
245 1 0 _aBrasil: a reforma do sistema de saude /
_cAna Luiza D'Avila Viana; María Elena G. de Castro.
260 _aSantiago de Chile :
_bCEPAL,
_c1993.
300 _a84 p.
440 0 _aSerie reformas de política pública; 16
690 _aReforma politica- Brasil
700 1 _aCastro, María Elena G. de, coaut.
710 2 _aComisión Económica para América Latina
905 _aUNESCO
999 _c134014
_d134014